[Event "Moscow Time of the First U15 Girls"]
[Site "Moscow"]
[Date "2019.06.21"]
[Round "6"]
[White "Aigi, Anna"]
[Black "Kasaeva, Sofiia"]
[Result "0-1"]
[WhiteElo "1346"]
[BlackElo "1890"]
[PlyCount "94"]
[EventDate "2019.06.17"]
[EventType "swiss"]
[EventRounds "9"]
[EventCountry "RUS"]
[SourceTitle "EXT 2021"]
[Source "ChessBase"]
[SourceDate "2020.10.23"]
[SourceVersion "1"]
[SourceVersionDate "2020.10.23"]
[SourceQuality "1"]

1. d4 d5 2. c4 c6 3. cxd5 cxd5 4. Nc3 Nf6 5. Nf3 Nc6 6. Bf4 e6 7. e3 Bd6 8. Bg3 0-0 9. Bd3 a6 10. 0-0 b5 11. a3 b4 12. Na4 Qe7 13. Bxd6 Qxd6 14. Nc5 bxa3 15. bxa3 e5 16. dxe5 Nxe5 17. Nxe5 Qxe5 18. Qf3 Ng4 19. Qg3 Qe7 20. Rfc1 Ne5 21. h3 Nxd3 22. Nxd3 Bf5 23. Qe5 Be6 24. Nf4 Rac8 25. Nxe6 fxe6 26. Rc3 Rxc3 27. Qxc3 Qh4 28. Rf1 h6 29. Qe5 Rf6 30. Qd4 Qg5 31. Qg4 Qe5 32. Qd4 Qh5 33. Qg4 Qf7 34. Qa4 e5 35. Qd1 Rg6 36. f4 exf4 37. Rxf4 Qe6 38. Qf3 Rg5 39. Rg4 Rf5 40. Rf4 Re5 41. Kf2 Qe7 42. Rb4 Qc5 43. Qe2 Rf5+ 44. Kg1 Qc1+ 45. Kh2 Qc3 46. Rb8+ Kh7 47. Qxa6 Qe5+ 0-1

[Event "Moscow Time of the First U15 Girls"]
[Site "Moscow"]
[Date "2019.06.21"]
[Round "7"]
[White "Zontova, Olga"]
[Black "Aigi, Anna"]
[Result "1/2-1/2"]
[WhiteElo "1153"]
[BlackElo "1346"]
[PlyCount "78"]
[EventDate "2019.06.17"]
[EventType "swiss"]
[EventRounds "9"]
[EventCountry "RUS"]
[SourceTitle "EXT 2021"]
[Source "ChessBase"]
[SourceDate "2020.10.23"]
[SourceVersion "1"]
[SourceVersionDate "2020.10.23"]
[SourceQuality "1"]

1. e4 c6 2. d4 d5 3. exd5 cxd5 4. Nc3 Nc6 5. Nf3 Nf6 6. Bf4 Bg4 7. Be2 a6 8. 0-0 e6 9. h3 Bh5 10. a3 Be7 11. Re1 0-0 12. Qd2 Bg6 13. Bd3 Na5 14. Ne5 Rc8 15. Nxg6 hxg6 16. b3 Nc6 17. Ne2 Qb6 18. Qe3 Na7 19. a4 Bb4 20. Rec1 Qa5 21. c4 dxc4 22. bxc4 Nh5 23. Rc2 Nxf4 24. Qxf4 Be7 25. Rb2 Qc7 26. Qxc7 Rxc7 27. Rab1 Rb8 28. c5 Nc6 29. Bxa6 Bf6 30. Rxb7 Rcxb7 31. Rxb7 Rxb7 32. Bxb7 Nxd4 33. Nxd4 Bxd4 34. c6 Bb6 35. Kf1 Kf8 36. Ke2 Ke7 37. Kd3 Kd6 38. f4 Kc5 39. Kc3 Ba5+ 1/2-1/2